000 03758nas1a22004211i 4500
001 RU\NLR\INFOCOMM31\1000097462
005 20260408072204.0
011 _a0203-4573
035 _a(NLR Aleph) 002501188
090 _a2594662
_c2594662
100 _a20040819c1972 |||y0rusy50 ca
101 0 _arus
102 _aRU
110 _aayu||||0|y0
200 1 _aБытовое обслуживание населения
_hСерия 9
_iФотокиноработы по заказам населения
_eОбзор. информ.
_fМ-во быт. обслуж. населения РСФСР. ЦБНТИ
210 _d1972-
311 _aОбразовано в результате разделения: ... Серия V-II, Фотокиноработы, бюро обслуживания. (Шифр: П10/3217)
430 0 _12001#$aОбзорная информация$hСерия 9$iФотокиноработы по заказам населения
_tОбзорная информация
431 0 _12001#$aОбзорная информация$hСерия V-II$iФотокиноработы, бюро обслуживания
_1852##$aNLR$jП10/3217
_tОбзорная информация
440 0 _12001#$aБытовое обслуживание населения$iСерия "Фотокиноработы по заказам населения"
_tБытовое обслуживание населения
712 0 2 _4570
_aРоссийский союз объединений, предприятий и организаций бытового обслуживания населения
_bЦентральное бюро научно-технической информации
_3RU\NLR\AUTH\8810081317
_9664855
712 0 1 _4570
_aРСФСР
_bМинистерство бытового обслуживания населения
_3RU\NLR\AUTH\8810062572
_9626688
801 1 _aRU
_bInfoComm
_c20040819
801 0 _aRU
_bNLR
_gPSBO
852 _aNLR
_jП10/5817
942 _cJOURNAL
980 _aRUSPER